Building the knowledge management network : (Record no. 7259)
[ view plain ]
| 000 -LEADER | |
|---|---|
| fixed length control field | 00761nam a22002172 4500 |
| 001 - CONTROL NUMBER | |
| control field | 0000006292 |
| 005 - DATE AND TIME OF LATEST TRANSACTION | |
| control field | 20151217152016.0 |
| 008 - FIXED-LENGTH DATA ELEMENTS--GENERAL INFORMATION | |
| fixed length control field | 071012s xx 000 0 eng d |
| 020 ## - INTERNATIONAL STANDARD BOOK NUMBER | |
| International Standard Book Number | 8126503335 : |
| Terms of availability | KES 2632 |
| 040 ## - CATALOGING SOURCE | |
| Original cataloging agency | KABU |
| Transcribing agency | KABU |
| 100 1# - MAIN ENTRY--PERSONAL NAME | |
| Personal name | Figallo, Cliff. |
| -- | 0000157703 |
| 245 10 - TITLE STATEMENT | |
| Title | Building the knowledge management network : |
| Remainder of title | best practices, tools, and techniques for putting conversation to work / |
| Statement of responsibility, etc. | Cliff Figallo, Nancy Rhine. |
| 260 ## - PUBLICATION, DISTRIBUTION, ETC. (IMPRINT) | |
| Place of publication, distribution, etc. | New Delhi : |
| Name of publisher, distributor, etc. | Wiley Dreamtech, |
| Date of publication, distribution, etc. | 2002. |
| 300 ## - PHYSICAL DESCRIPTION | |
| Extent | xx, 348 p. |
| 650 #0 - SUBJECT ADDED ENTRY--TOPICAL TERM | |
| Topical term or geographic name as entry element | Knowledge management. |
| -- | 0000150510 |
| 650 #0 - SUBJECT ADDED ENTRY--TOPICAL TERM | |
| Topical term or geographic name as entry element | Communication and technology. |
| -- | 0000157704 |
| 700 1# - ADDED ENTRY--PERSONAL NAME | |
| Personal name | Rhine, Nancy. |
| -- | 0000157705 |
| 908 ## - PUT COMMAND PARAMETER (RLIN) | |
| Put command parameter | 071012 |
| 950 ## - LOCAL HOLDINGS (RLIN) | |
| -- | 1 |
| Withdrawn status | Lost status | Source of classification or shelving scheme | Not for loan | Home library | Current library | Date acquired | Total Checkouts | Full call number | Barcode | Date last seen | Price effective from | Koha item type |
|---|---|---|---|---|---|---|---|---|---|---|---|---|
| Library of Congress Classification | Kabarak, Main Campus | Kabarak, Main Campus | 17/12/2015 | HD30.2 .F34 | 002178 | 02/08/2024 | 17/12/2015 | General Collection |